25 Most Important U.S. Cities - Statistics

General Stats
  • This quiz has been taken 117 times
  • The average score is 20 of 25
Answer Stats
Place % Of National GDP Answer % Correct
2 5.2 Los Angeles
100%
3 3.6 Chicago
99%
1 8.6 New York City
99%
11 1.8 Miami
96%
5 2.6 Houston
95%
7 2.4 San Francisco
95%
6 2.5 Dallas
93%
9 2.1 Boston
92%
8 2.4 Philadelphia
91%
12 1.6 Seattle
91%
4 2.9 Washington
91%
16 1.2 San Diego
90%
10 1.9 Atlanta
84%
15 1.3 Detroit
84%
17 1.1 Denver
80%
13 1.4 Phoenix
78%
14 1.3 Minneapolis
74%
21 0.8 Portland
74%
23 0.8 Tampa
72%
25 0.8 Charlotte
71%
20 1.0 St. Louis
68%
22 0.8 Pittsburgh
64%
18 1.0 San Jose
63%
19 1.0 Baltimore
61%
24 0.8 Riverside
22%
No matching quizzes found
Score Distribution
Percent of People with Each Score
Percentile by Number Answered
Your Score History
You have not taken this quiz